[Event "Rohde op 10th"]
[Site "Sautron"]
[Date "2010.10.27"]
[Round "6"]
[White "Noizat, Pierre"]
[Black "Makka, Ioulia"]
[Result "0-1"]
[WhiteElo "2001"]
[BlackElo "2159"]
[PlyCount "87"]
[EventDate "2010.10.23"]
[EventType "swiss"]
[EventRounds "9"]
[EventCountry "FRA"]
[SourceTitle "EXT 2012"]
[Source "ChessBase"]
[SourceDate "2011.11.24"]
[SourceVersion "1"]
[SourceVersionDate "2011.11.24"]
[SourceQuality "1"]

1. e4 e6 2. d3 d5 3. Nd2 Nf6 4. Ngf3 Nc6 5. g3 dxe4 6. dxe4 e5 7. Bg2 Bc5 8. 0-0 0-0 9. c3 a5 10. a4 b6 11. Qc2 Ba6 12. c4 Nd4 13. Nxd4 Qxd4 14. b3 Qxa1 15. Bb2 Qxf1+ 16. Kxf1 Ng4 17. h3 Nxf2 18. Bxe5 c6 19. Nf3 Rad8 20. Bc3 Nd1 21. Bd2 Ne3+ 22. Bxe3 Bxe3 23. Ke2 Bh6 24. g4 f6 25. h4 Bf4 26. g5 fxg5 27. hxg5 Bc8 28. c5 Ba6+ 29. Kf2 Bxg5 30. Ke1 Be7 31. cxb6 Bb4+ 32. Kf2 Rd2+ 33. Qxd2 Bxd2 34. e5 Bb4 35. Kg3 Bc5 36. Nd2 Bxb6 37. Bxc6 Bc7 38. Nf3 Be2 39. Bd5+ Kh8 40. Ng5 Bxe5+ 41. Kg2 Bh5 42. Kh3 Bf6 43. Ne6 Re8 44. Kg3 0-1

[Event "Paris-ch op-A"]
[Site "Paris"]
[Date "2010.07.11"]
[Round "9"]
[White "Noizat, Pierre"]
[Black "Appavou, Calixte"]
[Result "1-0"]
[WhiteElo "2014"]
[BlackElo "1927"]
[PlyCount "85"]
[EventDate "2010.07.03"]
[EventType "swiss"]
[EventRounds "9"]
[EventCountry "FRA"]
[SourceTitle "CBM 137 Extra"]
[Source "ChessBase"]
[SourceDate "2010.09.01"]
[SourceVersion "1"]
[SourceVersionDate "2010.09.01"]
[SourceQuality "1"]

1. e4 c6 2. d3 d5 3. Nd2 e5 4. Ngf3 Bd6 5. Be2 Ne7 6. 0-0 0-0 7. b3 Ng6 8. Re1 f5 9. Bb2 fxe4 10. dxe4 d4 11. Nc4 c5 12. Nxd6 Qxd6 13. Ng5 Qf6 14. Bc4+ Kh8 15. Nxh7 Qxf2+ 16. Kh1 Nf4 17. Re2 Nxe2 18. Nxf8 Bg4 19. Qf1 Qf6 20. Bxe2 Bxe2 21. Qxe2 Qxf8 22. Qh5+ Kg8 23. Qxe5 Nc6 24. Qd5+ Kh8 25. Qh5+ Kg8 26. Ba3 Nb4 27. Bxb4 cxb4 28. Qd5+ Kh8 29. Qh5+ Kg8 30. Qd5+ Kh8 31. Qxd4 Rc8 32. Qd2 Qf6 33. Rc1 a5 34. h3 Rc3 35. Re1 Qc6 36. Re2 b5 37. Qd5 Qf6 38. Qh5+ Kg8 39. Qd5+ Kh8 40. Kg1 Qb6+ 41. Kh1 Qf6 42. Qf5 Qc6 43. Qh5+ 1-0

[Event "Paris-ch op-A"]
[Site "Paris"]
[Date "2010.07.07"]
[Round "5"]
[White "Noizat, Pierre"]
[Black "Claisse, Patrick"]
[Result "0-1"]
[WhiteElo "2014"]
[BlackElo "1911"]
[PlyCount "66"]
[EventDate "2010.07.03"]
[EventType "swiss"]
[EventRounds "9"]
[EventCountry "FRA"]
[SourceTitle "CBM 137 Extra"]
[Source "ChessBase"]
[SourceDate "2010.09.01"]
[SourceVersion "1"]
[SourceVersionDate "2010.09.01"]
[SourceQuality "1"]

1. e4 c5 2. Na3 Nc6 3. Bb5 Qc7 4. Nf3 d6 5. 0-0 Nf6 6. Re1 Bd7 7. c3 a6 8. Bf1 g6 9. d4 cxd4 10. cxd4 Bg4 11. Nc2 Bg7 12. h3 Bxf3 13. Qxf3 0-0 14. Be3 Nd7 15. Rac1 Qa5 16. a3 Rac8 17. Bd3 Qa4 18. b4 Rc7 19. Qe2 Rfc8 20. f4 Nxd4 21. Nxd4 Rxc1 22. Rxc1 Rxc1+ 23. Bxc1 Bxd4+ 24. Kh1 Qc6 25. Qf1 b5 26. Bb1 Nf6 27. Qe1 Qc3 28. Bd2 Qb2 29. f5 Qxa3 30. fxg6 hxg6 31. Qd1 Nh5 32. Qf3 Ng3+ 33. Kh2 Qxf3 0-1

[Event "FRA-ch op-A"]
[Site "Pau"]
[Date "2008.08.16"]
[Round "5"]
[White "Noizat, Pierre"]
[Black "Bollard, Maxime"]
[Result "1/2-1/2"]
[WhiteElo "2045"]
[BlackElo "1980"]
[PlyCount "80"]
[EventDate "2008.08.11"]
[EventType "swiss"]
[EventRounds "9"]
[EventCountry "FRA"]
[SourceTitle "CBM 126 Extra"]
[Source "ChessBase"]
[SourceDate "2008.11.05"]
[SourceVersion "1"]
[SourceVersionDate "2008.11.05"]
[SourceQuality "1"]

1. e4 c5 2. Nf3 e6 3. d3 Nc6 4. g3 g6 5. Bg2 Bg7 6. 0-0 d5 7. Nbd2 Nge7 8. Re1 b6 9. c3 d4 10. c4 e5 11. a3 0-0 12. h3 a6 13. Nf1 b5 14. b3 bxc4 15. bxc4 a5 16. Bd2 a4 17. Rb1 Bd7 18. Rb5 Na5 19. Rxc5 Nb3 20. Rxe5 Bxe5 21. Nxe5 Nc6 22. Nxc6 Bxc6 23. Bb4 Re8 24. Nd2 Nxd2 25. Qxd2 Ra7 26. f4 Qa8 27. g4 f5 28. e5 Bxg2 29. Qxg2 Qxg2+ 30. Kxg2 Kf7 31. Kf3 Ke6 32. Rg1 Rb8 33. Rg2 Rab7 34. Rc2 Rc8 35. Rb2 Rcc7 36. Rc2 Rc6 37. Rg2 Rc8 38. Rc2 Rc6 39. c5 Kd5 40. Rc1 Rc8 1/2-1/2

[Event "FRA-ch op-A"]
[Site "Pau"]
[Date "2008.08.15"]
[Round "4"]
[White "Ane, Regis"]
[Black "Noizat, Pierre"]
[Result "1/2-1/2"]
[WhiteElo "1993"]
[BlackElo "2045"]
[PlyCount "95"]
[EventDate "2008.08.11"]
[EventType "swiss"]
[EventRounds "9"]
[EventCountry "FRA"]
[SourceTitle "CBM 126 Extra"]
[Source "ChessBase"]
[SourceDate "2008.11.05"]
[SourceVersion "1"]
[SourceVersionDate "2008.11.05"]
[SourceQuality "1"]

1. e4 c6 2. d4 d5 3. e5 Bf5 4. Be3 Na6 5. c3 Nc7 6. Nd2 h5 7. Be2 g6 8. Ngf3 e6 9. 0-0 Be7 10. b4 Bg4 11. h3 Bxf3 12. Nxf3 Nh6 13. a4 a6 14. Bxh6 Rxh6 15. Qd2 Rh7 16. Qf4 g5 17. Qg3 Kd7 18. Nd2 Qh8 19. f4 gxf4 20. Qxf4 Rg8 21. Nf3 Rhg7 22. Rf2 Qh7 23. Bf1 Rg3 24. Kh2 R8g7 25. Qxg3 Rxg3 26. Kxg3 Qe4 27. Raa2 f5 28. Kh2 h4 29. Rab2 Qd3 30. c4 Bxb4 31. Nxh4 Qxd4 32. Nf3 Qc5 33. Rfc2 Qe7 34. g3 c5 35. cxd5 Nxd5 36. Rb3 Qg7 37. Bc4 Nb6 38. Rd3+ Ke7 39. Bxe6 Qg6 40. Rd6 f4 41. Rg2 fxg3+ 42. Rxg3 Qc2+ 43. Rg2 Qe4 44. Bg4 Nc4 45. Rd7+ Ke8 46. e6 Kf8 47. Rf7+ Ke8 48. Bh5 1/2-1/2

[Event "FRA-ch op-A"]
[Site "Pau"]
[Date "2008.08.12"]
[Round "1"]
[White "Noizat, Pierre"]
[Black "Platel, Alexandre"]
[Result "1/2-1/2"]
[WhiteElo "2045"]
[BlackElo "2190"]
[PlyCount "65"]
[EventDate "2008.08.11"]
[EventType "swiss"]
[EventRounds "9"]
[EventCountry "FRA"]
[SourceTitle "CBM 126 Extra"]
[Source "ChessBase"]
[SourceDate "2008.11.05"]
[SourceVersion "1"]
[SourceVersionDate "2008.11.05"]
[SourceQuality "1"]

1. e4 c5 2. Nf3 e6 3. d3 Nc6 4. g3 g6 5. Bg2 Bg7 6. 0-0 Nge7 7. Re1 d6 8. c3 f5 9. exf5 Nxf5 10. Ng5 Qe7 11. f4 h6 12. Nf3 0-0 13. Nbd2 Rb8 14. a4 Qc7 15. Nc4 Bd7 16. Qc2 Rbe8 17. Bd2 b6 18. Re2 a6 19. Rae1 b5 20. axb5 axb5 21. Ne3 Nce7 22. Nf1 Nd5 23. Qc1 Kh7 24. g4 Nfe7 25. h3 Nc6 26. Ng3 Nde7 27. Ne4 Na5 28. Qc2 Kh8 29. Nh4 d5 30. Nf2 Kh7 31. Nf3 Nac6 32. Qc1 Na5 33. Qc2 1/2-1/2

[Event "Paris-ch op-A"]
[Site "Paris"]
[Date "2008.07.04"]
[Round "7"]
[White "Djordjevic, Vladimir"]
[Black "Noizat, Pierre"]
[Result "1-0"]
[WhiteElo "1947"]
[BlackElo "2045"]
[PlyCount "49"]
[EventDate "2008.06.28"]
[EventType "swiss"]
[EventRounds "9"]
[EventCountry "FRA"]
[SourceTitle "CBM 125 Extra"]
[Source "ChessBase"]
[SourceDate "2008.09.01"]
[SourceVersion "1"]
[SourceVersionDate "2008.09.01"]
[SourceQuality "1"]

1. e4 c6 2. d4 d5 3. f3 dxe4 4. fxe4 e5 5. Nf3 Bd6 6. Nc3 Bb4 7. a3 Ba5 8. Be3 exd4 9. Bxd4 Nf6 10. b4 Bb6 11. Be2 0-0 12. 0-0 Nbd7 13. Ng5 Bxd4+ 14. Qxd4 Qe7 15. e5 Nd5 16. Qh4 h6 17. Nce4 Nxe5 18. c4 Ne3 19. Nf6+ gxf6 20. Ne4 Kg7 21. Nxf6 Ng6 22. Qd4 Rd8 23. Nh5+ Kf8 24. Qg7+ Ke8 25. Nf6+ 1-0

[Event "Syre Memorial op 28th"]
[Site "Issy les Moulineaux"]
[Date "2005.05.07"]
[Round "4"]
[White "Noizat, Pierre"]
[Black "Benusilho, Laurent"]
[Result "1-0"]
[WhiteElo "2089"]
[BlackElo "1949"]
[PlyCount "51"]
[EventDate "2005.05.05"]
[EventType "swiss"]
[EventRounds "6"]
[EventCountry "FRA"]
[SourceTitle "EXT 2007"]
[Source "ChessBase"]
[SourceDate "2006.11.23"]
[SourceVersion "1"]
[SourceVersionDate "2006.11.23"]
[SourceQuality "1"]

1. e4 d6 2. d4 Nf6 3. f3 c6 4. c4 Nbd7 5. Nc3 Qa5 6. Be3 e5 7. d5 Be7 8. Qd2 a6 9. a3 0-0 10. b4 Qc7 11. Bd3 a5 12. b5 cxd5 13. cxd5 Nc5 14. Bc2 Ne8 15. g4 Bh4+ 16. Kf1 Bd7 17. Nge2 Rc8 18. a4 Qd8 19. Kg2 Qf6 20. Ng3 Qg6 21. Nf5 Qf6 22. g5 Qd8 23. Kh3 Qc7 24. Kxh4 Nb3 25. Bxb3 Qxc3 26. Rhc1 1-0